000 01071nam a22002657i 4500
999 _c23055
_d23055
003 AR-CdUCM
008 240916b20162016 pe||||| |||| 00| 0 spa d
040 _aMUNICIPALIDAD PROVINCIAL DEL CUSCO
_cBIBLIOTECA MUNICIPAL DEL CUSCO
041 _hspa
082 _a512.93 / O44
_bO44
100 _aOlivares Escobar, J. Artemio
_950483
245 _aEcuaciones diferenciales y sus aplicaciones /
260 _a Perú :
_bCopyright
_c2016
300 _a335 páginas. :
_c21 cm.
500 _zBibliografía: página 335.
505 _aEcuaciones diferenciales -- Clases de ecuaciones diferenciales -- Orden y grado de una ecuación diferencial -- Funciones -- Ecuaciones de primer orden y primer grado -- Aplicación de ecuaciones diferenciales de primer orden
650 _aEcuación diferencial
_950484
650 _aFunciones
_920052
650 _aEcuación de Riccati
_950485
650 _aAplicaciones geométricas
_950486
650 _aProblema de hidráulica
_950487
650 _aDeflexión de vigas
_950488
942 _2ddc
_cLIBROS
945 _apbj
_d2024-09-16